[Event "FIDE World Cup 2025"]
[Site "Goa, India"]
[Date "2025.11.02"]
[Round "2.24"]
[White "Cordoba Roa, Angel Gabriel"]
[Black "Cheparinov, Ivan"]
[Result "1/2-1/2"]
[TimeControl ": 90 minutes for the first 40 moves, followed by 30 minutes for the rest of the gamewith an increment of 30 seconds per move starting from move 1"]
[WhiteFideId "3957624"]
[BlackFideId "2905540"]
[WhiteElo "2392"]
[BlackElo "2626"]

1. e4 {[%clk 01:30:46]} {[%emt 00:00:13]} e5 {[%clk 01:30:53]} {[%emt
00:00:08]} 2. Nf3 {[%clk 01:31:07]} {[%emt 00:00:09]} Nc6 {[%clk 01:31:17]}
{[%emt 00:00:06]} 3. Bb5 {[%clk 01:31:23]} {[%emt 00:00:14]} a6 {[%clk
01:31:42]} {[%emt 00:00:06]} 4. Ba4 {[%clk 01:31:42]} {[%emt 00:00:10]} Nf6
{[%clk 01:32:08]} {[%emt 00:00:04]} 5. O-O {[%clk 01:31:55]} {[%emt 00:00:18]}
Be7 {[%clk 01:32:33]} {[%emt 00:00:04]} 6. d3 {[%clk 01:32:07]} {[%emt
00:00:19]} b5 {[%clk 01:32:56]} {[%emt 00:00:07]} 7. Bb3 {[%clk 01:32:26]}
{[%emt 00:00:11]} d6 {[%clk 01:33:20]} {[%emt 00:00:07]} 8. a4 {[%clk
01:32:04]} {[%emt 00:00:53]} Bd7 {[%clk 01:33:37]} {[%emt 00:00:13]} 9. Nc3
{[%clk 01:32:02]} {[%emt 00:00:31]} Na5 {[%clk 01:30:51]} {[%emt 00:03:16]} 10.
Ba2 {[%clk 01:32:19]} {[%emt 00:00:13]} b4 {[%clk 01:29:18]} {[%emt 00:02:04]}
11. Ne2 {[%clk 01:32:39]} {[%emt 00:00:09]} c5 {[%clk 01:29:02]} {[%emt
00:00:46]} 12. Nd2 {[%clk 01:32:11]} {[%emt 00:00:57]} Be6 {[%clk 01:22:14]}
{[%emt 00:07:20]} 13. Bxe6 {[%clk 01:31:34]} {[%emt 00:01:07]} fxe6 {[%clk
01:22:42]} {[%emt 00:00:02]} 14. f4 {[%clk 01:22:21]} {[%emt 00:09:43]} O-O
{[%clk 01:21:40]} {[%emt 00:01:32]} 15. fxe5 {[%clk 01:16:27]} {[%emt
00:06:24]} dxe5 {[%clk 01:21:33]} {[%emt 00:00:37]} 16. Nf3 {[%clk 01:16:13]}
{[%emt 00:00:44]} Nc6 {[%clk 01:06:32]} {[%emt 00:15:31]} 17. b3 {[%clk
01:14:20]} {[%emt 00:02:24]} Nd7 {[%clk 00:58:56]} {[%emt 00:08:06]} 18. Kh1
{[%clk 00:57:05]} {[%emt 00:17:45]} Qe8 {[%clk 00:58:20]} {[%emt 00:01:06]} 19.
Be3 {[%clk 00:55:54]} {[%emt 00:01:41]} Qg6 {[%clk 00:58:24]} {[%emt 00:00:25]}
20. Neg1 {[%clk 00:50:53]} {[%emt 00:05:31]} h6 {[%clk 00:53:06]} {[%emt
00:05:49]} 21. Qe2 {[%clk 00:49:44]} {[%emt 00:01:39]} Kh7 {[%clk 00:48:58]}
{[%emt 00:04:37]} 22. Rf2 {[%clk 00:47:04]} {[%emt 00:03:10]} Rf7 {[%clk
00:44:33]} {[%emt 00:04:55]} 23. Nd2 {[%clk 00:37:38]} {[%emt 00:09:57]} Rxf2
{[%clk 00:44:23]} {[%emt 00:00:40]} 24. Bxf2 {[%clk 00:37:59]} {[%emt
00:00:09]} Nd4 {[%clk 00:34:02]} {[%emt 00:10:51]} 25. Bxd4 {[%clk 00:38:06]}
{[%emt 00:00:23]} exd4 {[%clk 00:34:01]} {[%emt 00:00:31]} 26. Rf1 {[%clk
00:33:08]} {[%emt 00:05:27]} e5 {[%clk 00:24:37]} {[%emt 00:09:54]} 27. Nc4
{[%clk 00:31:35]} {[%emt 00:02:02]} Qe6 {[%clk 00:23:26]} {[%emt 00:01:41]} 28.
g3 {[%clk 00:30:04]} {[%emt 00:02:02]} g6 {[%clk 00:23:27]} {[%emt 00:00:28]}
29. Kg2 {[%clk 00:29:23]} {[%emt 00:01:11]} Kg7 {[%clk 00:23:43]} {[%emt
00:00:15]} 30. h3 {[%clk 00:19:54]} {[%emt 00:09:59]} Rf8 {[%clk 00:20:00]}
{[%emt 00:04:13]} 31. Rxf8 {[%clk 00:19:15]} {[%emt 00:01:08]} Bxf8 {[%clk
00:20:18]} {[%emt 00:00:12]} 32. Nf3 {[%clk 00:19:37]} {[%emt 00:00:08]} Be7
{[%clk 00:20:28]} {[%emt 00:00:21]} 33. Qe1 {[%clk 00:18:24]} {[%emt 00:01:43]}
Bd8 {[%clk 00:18:48]} {[%emt 00:02:08]} 34. Qf2 {[%clk 00:14:33]} {[%emt
00:04:23]} Qf6 {[%clk 00:14:45]} {[%emt 00:04:33]} 35. Qe1 {[%clk 00:13:57]}
{[%emt 00:01:06]} Qe6 {[%clk 00:14:03]} {[%emt 00:01:12]} 36. Qf2 {[%clk
00:13:41]} {[%emt 00:00:46]} Qf6 {[%clk 00:14:27]} {[%emt 00:00:06]} 37. Qf1
{[%clk 00:14:04]} {[%emt 00:00:07]} Qe6 {[%clk 00:14:02]} {[%emt 00:00:54]} 38.
Qc1 {[%clk 00:14:02]} {[%emt 00:00:33]} Qf6 {[%clk 00:13:52]} {[%emt 00:00:40]}
39. Nh2 {[%clk 00:12:51]} {[%emt 00:01:40]} Qe6 {[%clk 00:13:45]} {[%emt
00:00:38]} 40. Qd2 {[%clk 00:08:34]} {[%emt 00:04:47]} Bg5 {[%clk 00:13:16]}
{[%emt 00:00:59]} 41. Qe2 {[%clk 00:08:54]} {[%emt 00:00:10]} Bd8 {[%clk
00:11:29]} {[%emt 00:02:17]} 42. Nf3 {[%clk 00:04:05]} {[%emt 00:05:18]} Qf6
{[%clk 00:10:39]} {[%emt 00:01:19]} 43. Qf1 {[%clk 00:03:42]} {[%emt 00:00:54]}
Qe6 {[%clk 00:10:26]} {[%emt 00:00:43]} 44. Qh1 {[%clk 00:03:27]} {[%emt
00:00:45]} Bc7 {[%clk 00:05:39]} {[%emt 00:05:18]} 45. g4 {[%clk 00:28:48]}
{[%emt 00:05:09]} Qf6 {[%clk 00:26:20]} {[%emt 00:09:49]} 46. Qh2 {[%clk
00:29:06]} {[%emt 00:00:12]} Nf8 {[%clk 00:25:10]} {[%emt 00:01:41]} 47. Qg3
{[%clk 00:17:57]} {[%emt 00:11:39]} Ne6 {[%clk 00:25:17]} {[%emt 00:00:22]} 48.
h4 {[%clk 00:18:13]} {[%emt 00:00:14]} Nf4+ {[%clk 00:24:39]} {[%emt 00:01:09]}
49. Kf2 {[%clk 00:18:32]} {[%emt 00:00:11]} Qe6 {[%clk 00:20:27]} {[%emt
00:04:42]} 50. Ng1 {[%clk 00:18:16]} {[%emt 00:00:46]} Qf6 {[%clk 00:19:37]}
{[%emt 00:01:20]} 51. Nf3 {[%clk 00:16:14]} {[%emt 00:02:31]} Qe6 {[%clk
00:20:03]} {[%emt 00:00:05]} 52. Ke1 {[%clk 00:16:33]} {[%emt 00:00:11]} Qe7
{[%clk 00:20:06]} {[%emt 00:00:27]} 53. Kd2 {[%clk 00:15:37]} {[%emt 00:01:27]}
Qe6 {[%clk 00:19:04]} {[%emt 00:01:31]} 54. Kd1 {[%clk 00:13:54]} {[%emt
00:02:13]} Kh7 {[%clk 00:17:52]} {[%emt 00:01:42]} 55. Ng1 {[%clk 00:13:55]}
{[%emt 00:00:29]} Qf7 {[%clk 00:15:59]} {[%emt 00:02:23]} 56. Ne2 {[%clk
00:12:18]} {[%emt 00:02:07]} Ne6 {[%clk 00:15:37]} {[%emt 00:00:52]} 57. Ke1
{[%clk 00:11:59]} {[%emt 00:00:49]} Qf6 {[%clk 00:15:47]} {[%emt 00:00:20]} 58.
Nd2 {[%clk 00:12:00]} {[%emt 00:00:30]} Qe7 {[%clk 00:13:45]} {[%emt 00:02:32]}
59. Nf3 {[%clk 00:11:33]} {[%emt 00:00:57]} Qf7 {[%clk 00:12:20]} {[%emt
00:01:55]} 60. Qh3 {[%clk 00:11:11]} {[%emt 00:00:51]} Kg8 {[%clk 00:11:41]}
{[%emt 00:01:09]} 61. Kf2 {[%clk 00:08:53]} {[%emt 00:02:48]} Kf8 {[%clk
00:09:51]} {[%emt 00:02:20]} 62. Qh1 {[%clk 00:08:41]} {[%emt 00:00:41]} Ke8
{[%clk 00:09:30]} {[%emt 00:00:52]} 63. h5 {[%clk 00:08:36]} {[%emt 00:00:35]}
g5 {[%clk 00:09:56]} {[%emt 00:00:04]} 64. Ng3 {[%clk 00:06:03]} {[%emt
00:03:03]} a5 {[%clk 00:10:19]} {[%emt 00:00:06]} 65. Nf5 {[%clk 00:05:45]}
{[%emt 00:00:49]} Qf6 {[%clk 00:10:43]} {[%emt 00:00:06]} 66. Ng1 {[%clk
00:05:10]} {[%emt 00:01:04]} Nf4 {[%clk 00:07:21]} {[%emt 00:03:52]} 67. Qf3
{[%clk 00:03:20]} {[%emt 00:02:20]} Kd7 {[%clk 00:07:15]} {[%emt 00:00:37]} 68.
Ne2 {[%clk 00:02:49]} {[%emt 00:01:01]} Nxe2 {[%clk 00:07:41]} {[%emt
00:00:04]} 69. Kxe2 {[%clk 00:03:12]} {[%emt 00:00:07]} Bd8 {[%clk 00:08:05]}
{[%emt 00:00:06]} 70. Kd2 {[%clk 00:01:01]} {[%emt 00:02:41]} Be7 {[%clk
00:08:04]} {[%emt 00:00:31]} 71. Kc1 {[%clk 00:01:22]} {[%emt 00:00:09]} Bd8
{[%clk 00:08:24]} {[%emt 00:00:10]} 72. Kb1 {[%clk 00:01:29]} {[%emt 00:00:23]}
Be7 {[%clk 00:08:29]} {[%emt 00:00:24]} 73. Qg2 {[%clk 00:01:36]} {[%emt
00:00:23]} Bf8 {[%clk 00:08:11]} {[%emt 00:00:48]} 74. Kc1 {[%clk 00:01:47]}
{[%emt 00:00:19]} Be7 {[%clk 00:07:44]} {[%emt 00:00:57]} 75. Kd1 {[%clk
00:02:10]} {[%emt 00:00:08]} Bf8 {[%clk 00:07:55]} {[%emt 00:00:19]} 76. Qh2
{[%clk 00:02:03]} {[%emt 00:00:37]} Be7 {[%clk 00:07:59]} {[%emt 00:00:26]} 77.
Qg2 {[%clk 00:01:07]} {[%emt 00:01:26]} Bf8 {[%clk 00:08:19]} {[%emt 00:00:10]}
78. Ng3 {[%clk 00:01:30]} {[%emt 00:00:07]} Bd6 {[%clk 00:08:28]} {[%emt
00:00:20]} 79. Nf1 {[%clk 00:01:33]} {[%emt 00:00:27]} Qf4 {[%clk 00:08:32]}
{[%emt 00:00:26]} 80. Nd2 {[%clk 00:01:48]} {[%emt 00:00:15]} Bc7 {[%clk
00:08:47]} {[%emt 00:00:15]} 81. Qf3 {[%clk 00:00:56]} {[%emt 00:01:23]} Qxf3+
{[%clk 00:09:09]} {[%emt 00:00:07]} 82. Nxf3 {[%clk 00:01:19]} {[%emt
00:00:07]} Bd6 {[%clk 00:09:08]} {[%emt 00:00:31]} 83. Nd2 {[%clk 00:01:21]}
{[%emt 00:00:29]} Bc7 {[%clk 00:09:34]} {[%emt 00:00:04]} 84. Nf1 {[%clk
00:01:30]} {[%emt 00:00:21]} Bd6 {[%clk 00:10:00]} {[%emt 00:00:04]} 85. Ke2
{[%clk 00:01:33]} {[%emt 00:00:27]} Ke6 {[%clk 00:10:22]} {[%emt 00:00:08]} 86.
Ng3 {[%clk 00:01:44]} {[%emt 00:00:19]} Kd7 {[%clk 00:10:45]} {[%emt 00:00:07]}
87. Kf3 {[%clk 00:01:40]} {[%emt 00:00:34]} 1/2-1/2

[Event "FIDE World Cup 2025"]
[Site "Goa, India"]
[Date "2025.11.02"]
[Round "2.25"]
[White "Martirosyan, Haik M."]
[Black "Cahaya, Satria Duta"]
[Result "1-0"]
[TimeControl ": 90 minutes for the first 40 moves, followed by 30 minutes for the rest of the gamewith an increment of 30 seconds per move starting from move 1"]
[WhiteFideId "13306553"]
[BlackFideId "7124252"]
[WhiteElo "2626"]
[BlackElo "2393"]

1. e4 {[%clk 01:30:44]} {[%emt 00:00:15]} e5 {[%clk 01:30:51]} {[%emt
00:00:09]} 2. Nf3 {[%clk 01:31:05]} {[%emt 00:00:08]} Nc6 {[%clk 01:31:15]}
{[%emt 00:00:08]} 3. Bc4 {[%clk 01:31:15]} {[%emt 00:00:19]} Nf6 {[%clk
01:31:37]} {[%emt 00:00:08]} 4. d3 {[%clk 01:31:39]} {[%emt 00:00:06]} h6
{[%clk 01:32:01]} {[%emt 00:00:06]} 5. c3 {[%clk 01:31:36]} {[%emt 00:00:33]}
d6 {[%clk 01:32:25]} {[%emt 00:00:06]} 6. a4 {[%clk 01:30:40]} {[%emt
00:01:27]} g6 {[%clk 01:27:35]} {[%emt 00:05:20]} 7. a5 {[%clk 01:27:58]}
{[%emt 00:03:12]} a6 {[%clk 01:27:18]} {[%emt 00:00:47]} 8. O-O {[%clk
01:26:20]} {[%emt 00:02:08]} Bg7 {[%clk 01:27:31]} {[%emt 00:00:17]} 9. Nbd2
{[%clk 01:26:30]} {[%emt 00:00:20]} O-O {[%clk 01:27:30]} {[%emt 00:00:31]} 10.
Re1 {[%clk 01:26:26]} {[%emt 00:00:34]} b5 {[%clk 01:11:07]} {[%emt 00:16:52]}
11. axb6 {[%clk 01:23:41]} {[%emt 00:03:16]} cxb6 {[%clk 01:11:35]} {[%emt
00:00:02]} 12. Nf1 {[%clk 01:19:23]} {[%emt 00:04:47]} Bb7 {[%clk 01:09:52]}
{[%emt 00:02:13]} 13. Ng3 {[%clk 01:17:05]} {[%emt 00:02:48]} Qc7 {[%clk
01:05:19]} {[%emt 00:05:04]} 14. h4 {[%clk 01:07:56]} {[%emt 00:09:39]} Ne7
{[%clk 00:48:47]} {[%emt 00:17:02]} 15. h5 {[%clk 01:04:57]} {[%emt 00:03:29]}
Kh7 {[%clk 00:47:19]} {[%emt 00:01:58]} 16. hxg6+ {[%clk 01:02:17]} {[%emt
00:03:10]} fxg6 {[%clk 00:47:40]} {[%emt 00:00:09]} 17. Be6 {[%clk 01:01:27]}
{[%emt 00:01:19]} Nd7 {[%clk 00:41:09]} {[%emt 00:07:01]} 18. d4 {[%clk
00:58:25]} {[%emt 00:03:32]} Rad8 {[%clk 00:38:14]} {[%emt 00:03:25]} 19. Be3
{[%clk 00:54:39]} {[%emt 00:04:17]} b5 {[%clk 00:37:06]} {[%emt 00:01:38]} 20.
d5 {[%clk 00:52:17]} {[%emt 00:02:51]} Nc5 {[%clk 00:34:09]} {[%emt 00:03:27]}
21. Bh3 {[%clk 00:51:20]} {[%emt 00:01:27]} Ra8 {[%clk 00:31:57]} {[%emt
00:02:42]} 22. Qe2 {[%clk 00:47:06]} {[%emt 00:04:44]} Nc8 {[%clk 00:28:38]}
{[%emt 00:03:49]} 23. b4 {[%clk 00:44:03]} {[%emt 00:03:34]} Nd7 {[%clk
00:23:53]} {[%emt 00:05:15]} 24. c4 {[%clk 00:43:09]} {[%emt 00:01:23]} bxc4
{[%clk 00:20:41]} {[%emt 00:03:42]} 25. Rec1 {[%clk 00:42:37]} {[%emt
00:01:02]} Ndb6 {[%clk 00:21:10]} {[%emt 00:00:02]} 26. Nd2 {[%clk 00:41:43]}
{[%emt 00:01:24]} Qd8 {[%clk 00:16:07]} {[%emt 00:05:33]} 27. Nxc4 {[%clk
00:40:36]} {[%emt 00:01:37]} Nxc4 {[%clk 00:16:35]} {[%emt 00:00:02]} 28. Qxc4
{[%clk 00:40:45]} {[%emt 00:00:20]} Rf7 {[%clk 00:17:04]} {[%emt 00:00:02]} 29.
Be6 {[%clk 00:39:52]} {[%emt 00:01:22]} Re7 {[%clk 00:17:32]} {[%emt 00:00:02]}
30. b5 {[%clk 00:38:32]} {[%emt 00:01:50]} Nb6 {[%clk 00:09:25]} {[%emt
00:08:38]} 31. Qb4 {[%clk 00:36:44]} {[%emt 00:02:17]} axb5 {[%clk 00:05:48]}
{[%emt 00:04:08]} 32. Qxb5 {[%clk 00:34:02]} {[%emt 00:03:12]} Rxa1 {[%clk
00:05:31]} {[%emt 00:00:47]} 33. Rxa1 {[%clk 00:34:26]} {[%emt 00:00:05]} Nc8
{[%clk 00:05:53]} {[%emt 00:00:09]} 34. Nf1 {[%clk 00:31:27]} {[%emt 00:03:28]}
Bf6 {[%clk 00:05:44]} {[%emt 00:00:40]} 35. Rb1 {[%clk 00:28:54]} {[%emt
00:03:02]} Bg5 {[%clk 00:02:37]} {[%emt 00:03:37]} 36. Rc1 {[%clk 00:20:10]}
{[%emt 00:09:15]} Bxe3 {[%clk 00:01:06]} {[%emt 00:02:01]} 37. Nxe3 {[%clk
00:20:32]} {[%emt 00:00:08]} Rc7 {[%clk 00:01:35]} 38. Rxc7+ {[%clk 00:16:30]}
{[%emt 00:04:33]} Qxc7 {[%clk 00:02:04]} 39. Qe8 {[%clk 00:16:45]} {[%emt
00:00:14]} h5 {[%clk 00:02:34]} 40. g4 {[%clk 00:15:34]} {[%emt 00:01:41]} Qc1+
{[%clk 00:00:32]} {[%emt 00:02:32]} 41. Kg2 {[%clk 00:13:33]} {[%emt 00:02:30]}
Qb1 {[%clk 00:24:03]} {[%emt 00:06:59]} 42. Qg8+ {[%clk 00:42:58]} {[%emt
00:01:06]} Kh6 {[%clk 00:24:29]} {[%emt 00:00:04]} 43. Qf8+ {[%clk 00:43:07]}
{[%emt 00:00:20]} Kg5 {[%clk 00:24:34]} {[%emt 00:00:25]} 44. f4+ {[%clk
00:43:16]} {[%emt 00:00:21]} exf4 {[%clk 00:24:43]} {[%emt 00:00:21]} 45. Qd8+
{[%clk 00:43:28]} {[%emt 00:00:18]} Kh6 {[%clk 00:25:07]} {[%emt 00:00:07]} 46.
g5+ {[%clk 00:43:52]} {[%emt 00:00:05]} 1-0

[Event "FIDE World Cup 2025"]
[Site "Goa, India"]
[Date "2025.11.02"]
[Round "2.26"]
[White "Liyanage, Ranindu Dilshan"]
[Black "Sargissian, Gabriel"]
[Result "1/2-1/2"]
[TimeControl ": 90 minutes for the first 40 moves, followed by 30 minutes for the rest of the gamewith an increment of 30 seconds per move starting from move 1"]
[WhiteFideId "9915834"]
[BlackFideId "13300881"]
[WhiteElo "2401"]
[BlackElo "2624"]

1. e4 {[%clk 01:30:45]} {[%emt 00:00:13]} e5 {[%clk 01:30:53]} {[%emt
00:00:08]} 2. Nf3 {[%clk 01:31:06]} {[%emt 00:00:08]} Nc6 {[%clk 01:31:17]}
{[%emt 00:00:05]} 3. Bc4 {[%clk 01:31:24]} {[%emt 00:00:13]} Nf6 {[%clk
01:31:17]} {[%emt 00:00:31]} 4. Ng5 {[%clk 01:31:39]} {[%emt 00:00:15]} d5
{[%clk 01:30:48]} {[%emt 00:00:59]} 5. exd5 {[%clk 01:32:01]} {[%emt 00:00:07]}
Na5 {[%clk 01:31:05]} {[%emt 00:00:12]} 6. Bb5+ {[%clk 01:32:21]} {[%emt
00:00:10]} c6 {[%clk 01:30:47]} {[%emt 00:00:48]} 7. dxc6 {[%clk 01:32:43]}
{[%emt 00:00:07]} bxc6 {[%clk 01:31:05]} {[%emt 00:00:12]} 8. Qf3 {[%clk
01:32:44]} {[%emt 00:00:29]} cxb5 {[%clk 01:26:28]} {[%emt 00:05:08]} 9. Qxa8
{[%clk 01:31:04]} {[%emt 00:02:10]} Qc7 {[%clk 01:25:46]} {[%emt 00:01:12]} 10.
Qf3 {[%clk 01:28:25]} {[%emt 00:03:09]} Nc6 {[%clk 01:23:44]} {[%emt 00:02:32]}
11. c3 {[%clk 01:28:05]} {[%emt 00:00:50]} Bg4 {[%clk 01:22:06]} {[%emt
00:02:08]} 12. Qg3 {[%clk 01:27:44]} {[%emt 00:00:50]} Nd4 {[%clk 01:21:07]}
{[%emt 00:01:29]} 13. Na3 {[%clk 01:27:08]} {[%emt 00:01:07]} Ne2 {[%clk
01:20:36]} {[%emt 00:01:00]} 14. Qd3 {[%clk 01:26:37]} {[%emt 00:01:01]} Nf4
{[%clk 01:18:01]} {[%emt 00:03:05]} 15. Qxb5+ {[%clk 01:26:58]} {[%emt
00:00:10]} Bd7 {[%clk 01:17:34]} {[%emt 00:00:57]} 16. Qc4 {[%clk 01:27:18]}
{[%emt 00:00:11]} Qb7 {[%clk 01:17:14]} {[%emt 00:00:50]} 17. f3 {[%clk
01:18:10]} {[%emt 00:09:37]} Bxa3 {[%clk 01:15:05]} {[%emt 00:02:39]} 18. bxa3
{[%clk 01:15:01]} {[%emt 00:03:39]} O-O {[%clk 01:08:17]} {[%emt 00:07:18]} 19.
O-O {[%clk 01:07:32]} {[%emt 00:07:59]} Bb5 {[%clk 01:07:06]} {[%emt 00:01:41]}
20. Qb3 {[%clk 01:05:32]} {[%emt 00:02:30]} Qa6 {[%clk 01:03:05]} {[%emt
00:04:32]} 21. Re1 {[%clk 00:54:41]} {[%emt 00:11:21]} Nd3 {[%clk 00:54:40]}
{[%emt 00:08:55]} 22. Re3 {[%clk 00:51:38]} {[%emt 00:03:33]} Bc4 {[%clk
00:52:59]} {[%emt 00:02:11]} 23. Qb1 {[%clk 00:43:25]} {[%emt 00:08:44]} Nd5
{[%clk 00:48:57]} {[%emt 00:04:31]} 24. Ne4 {[%clk 00:38:48]} {[%emt 00:05:07]}
f5 {[%clk 00:40:58]} {[%emt 00:08:28]} 25. Nf2 {[%clk 00:36:23]} {[%emt
00:02:55]} Nxe3 {[%clk 00:36:32]} {[%emt 00:04:57]} 26. dxe3 {[%clk 00:36:44]}
{[%emt 00:00:09]} e4 {[%clk 00:33:22]} {[%emt 00:03:40]} 27. Nxd3 {[%clk
00:32:16]} {[%emt 00:04:58]} Bxd3 {[%clk 00:33:13]} {[%emt 00:00:39]} 28. Qb4
{[%clk 00:31:06]} {[%emt 00:01:40]} exf3 {[%clk 00:22:15]} {[%emt 00:11:28]} 29.
gxf3 {[%clk 00:31:09]} {[%emt 00:00:26]} Qc6 {[%clk 00:20:55]} {[%emt
00:01:47]} 30. Kf2 {[%clk 00:27:46]} {[%emt 00:03:57]} Qc7 {[%clk 00:21:04]}
{[%emt 00:00:19]} 31. Kg2 {[%clk 00:25:11]} {[%emt 00:03:07]} Rf6 {[%clk
00:20:44]} {[%emt 00:00:50]} 32. Qf4 {[%clk 00:24:52]} {[%emt 00:00:50]} Qxf4
{[%clk 00:17:12]} {[%emt 00:04:01]} 33. exf4 {[%clk 00:24:51]} {[%emt
00:00:31]} Re6 {[%clk 00:17:35]} {[%emt 00:00:07]} 34. Kg3 {[%clk 00:20:08]}
{[%emt 00:05:13]} Re1 {[%clk 00:17:25]} {[%emt 00:00:40]} 35. Bb2 {[%clk
00:18:06]} {[%emt 00:02:32]} Rxa1 {[%clk 00:15:20]} {[%emt 00:02:35]} 36. Bxa1
{[%clk 00:18:28]} {[%emt 00:00:07]} Kf7 {[%clk 00:15:31]} {[%emt 00:00:19]} 37.
Kf2 {[%clk 00:18:39]} {[%emt 00:00:20]} Ke6 {[%clk 00:15:19]} {[%emt 00:00:42]}
38. Ke3 {[%clk 00:18:54]} {[%emt 00:00:14]} Bf1 {[%clk 00:14:19]} {[%emt
00:01:30]} 39. Kd4 {[%clk 00:18:21]} {[%emt 00:01:04]} Kd6 {[%clk 00:14:33]}
{[%emt 00:00:15]} 40. c4 {[%clk 00:18:23]} {[%emt 00:00:29]} g6 {[%clk
00:13:15]} {[%emt 00:01:48]} 41. c5+ {[%clk 00:17:33]} {[%emt 00:01:20]} Kc6
{[%clk 00:09:53]} {[%emt 00:03:51]} 42. Ke5 {[%clk 00:17:19]} {[%emt 00:00:44]}
Be2 {[%clk 00:06:31]} {[%emt 00:03:53]} 43. Bd4 {[%clk 00:17:24]} {[%emt
00:00:25]} Bxf3 {[%clk 00:06:38]} {[%emt 00:00:23]} 44. Kf6 {[%clk 00:17:25]}
{[%emt 00:00:29]} a6 {[%clk 00:06:11]} {[%emt 00:00:57]} 45. Kg7 {[%clk
00:17:09]} {[%emt 00:00:44]} Kd7 {[%clk 00:06:28]} {[%emt 00:00:13]} 46. Kxh7
{[%clk 00:16:55]} {[%emt 00:00:45]} Bh5 {[%clk 00:06:53]} {[%emt 00:00:06]} 47.
Kg7 {[%clk 00:17:06]} {[%emt 00:00:19]} Kc6 {[%clk 00:07:15]} {[%emt 00:00:08]}
48. Kf6 {[%clk 00:17:00]} {[%emt 00:00:35]} Kd7 {[%clk 00:07:33]} {[%emt
00:00:13]} 49. a4 {[%clk 00:17:19]} {[%emt 00:00:11]} Kc6 {[%clk 00:07:55]}
{[%emt 00:00:08]} 50. a5 {[%clk 00:16:09]} {[%emt 00:01:40]} Kd7 {[%clk
00:08:12]} {[%emt 00:00:13]} 51. a3 {[%clk 00:16:12]} {[%emt 00:00:28]} Kc6
{[%clk 00:08:35]} {[%emt 00:00:06]} 52. Ke7 {[%clk 00:16:37]} {[%emt 00:00:05]}
Bf3 {[%clk 00:08:43]} {[%emt 00:00:21]} 53. Kd8 {[%clk 00:16:44]} {[%emt
00:00:24]} Bh5 {[%clk 00:08:21]} {[%emt 00:00:52]} 54. Ke7 {[%emt 00:02:29]}
1/2-1/2